00942nam a2200253 a 450000100100000000500170001000800410002702000230006802000230009102000230011404000250013708200240016210000270018624500690021325000120028226000600029430000310035449000400038549000350042550400710046050400560053165100660058783000350065300004324020240508073817.0140303s2013 dr 000 0 spa d a9789945074901(v.1) a9789945074918(v.2) a9789945074949(v.3) aDO-SdBNPbspacBNPHU a972.93bM671n, 20131 aMir, Pedro,d1913-200013aLa noción de período en la historia dominicana /cPedro Mir. a2a. ed. aSanto Domingo :bArchivo General de la Nación,c2013. a3 v. :bil., tabls. ;c24.1 aArchivo General de la Naciónv1961 aHistoria y sociedadv44, 58-59 aIncluye datos biográficos del autor en la solapa de la cubierta. aIncluye bibliografía y notas al pie de páginas. 4aRepública DominicanaxHistoriaxEnsayos, Conferencias, Etc. 0aHistoria y sociedadv44, 58-59